000 00964nam a22003135b 4500
001 446
003 DO-SdBPM
005 20250610135546.0
007 446
008 950710s2000 sp a | |||| ||spa
017 _a
_b
020 _a8424178890
040 _aDO-SdBPM
_bspa
_cBPMSU
_e
082 4 _a863.6
_bC456p 2000
_222
100 1 _aChandro, Juan Carlos
_d
245 1 0 _a Paquito y paquete /
_cJuan Carlos Chandro ; ilustrao por Guillermo Ferreira.
_h
250 _a
260 _aLeón, España :
_bEditorial Everest,
_c2000
300 _a33 p. :
_bil. ;
_c20 cm
490 0 _aMontaña encantada;
_aPrimeros lectores,
_v
590 _aInventariado, 2025/VM
600 _2
650 4 _aCuentos infantiles españoles
650 4 _aPerros
_vCuentos infantiles
650 4 _aLiteratura infantil española
700 1 _a Ferreira, Guillermo
_eilustración
910 _aVMateo V. Control de calidad. BPMSU
942 _2ddc
_cBK
999 _c15147
_d15147